Представление документа в формате MARC21

Поле Инд. ПП Название Значение
Тип записи a
Библиографический уровень b
001 Контрольный номер RU/IS/BASE/266078230
005 Дата корректировки 20200731195120.6
008 Кодируемые данные 20080606
040 b Код языка каталог. rus
e Правила каталог. PSBO
041 0_ a Код языка текста rus
084 a Индекс другой классификации/Индекс ББК 88.532-52
100 1_ a Автор Китаев-Смык Л. А.
q Полное имя Китаев-Смык Леонид Александрович
245 10 a Заглавие Социально-психологические аспекты употребления матерной речи
504 a Библиография Библиогр.: 15 назв.
650 04 a Основная рубрика психология
a Основная рубрика социальная психология; психология личности
653 0_ a Ключевые слова боевой стресс
a Ключевые слова брань
a Ключевые слова матерная лексика
a Ключевые слова матерная речь
a Ключевые слова ругательства
a Ключевые слова сексуализированная лексика
a Ключевые слова стрессовые ситуации
a Ключевые слова эмоциональный стресс
773 08 t Заглавие источника Вопросы психологии
d Дата издания источника 2007
g Прочая информация № 6. - С. 120 - 128
w Контрольный № источника RU/IS/BASE/253721032
901 t Тип документа b